000 00401nam a2200169Ia 4500
008 230516s9999 xx 000 0 und d
041 _aeng
082 _a541.3
_bGAU/GUP
100 _aGAUD GUPTA
245 _aPRACTICAL PHYSICAL PHARMACY
260 _bC.B.S.PUBLISHER&DISTRUTERS
_c2002
300 _a238
365 _h20
500 _aPB
520 _aPHYP
650 _aPHYSICAL PHARMACEUTICS
999 _c363597
_d363597